Mario Andretti: the man who can win any kind of race. (Record no. 219)

MARC details
000 -LEADER
fixed length control field 00665nam a2200253 4500
005 - DATE AND TIME OF LATEST TRANSACTION
control field 20260322212011.0
008 - FIXED-LENGTH DATA ELEMENTS--GENERAL INFORMATION
fixed length control field data
010 ## - LIBRARY OF CONGRESS CONTROL NUMBER
LC control number 77032054
020 ## - INTERNATIONAL STANDARD BOOK NUMBER
International Standard Book Number 0668021934
020 ## - INTERNATIONAL STANDARD BOOK NUMBER
International Standard Book Number 9780668021937
040 ## - CATALOGING SOURCE
Original cataloging agency DLC
Transcribing agency DLC
Modifying agency DLC
050 00 - LIBRARY OF CONGRESS CALL NUMBER
Classification number GV1032.A5
Item number E5 1972
082 00 - DEWEY DECIMAL CLASSIFICATION NUMBER
Classification number B
-- B
092 ## - LOCALLY ASSIGNED DEWEY CALL NUMBER (OCLC)
Classification number 796.7 E5 1972
001 - CONTROL NUMBER
control field data
245 00 - TITLE STATEMENT
Title Mario Andretti: the man who can win any kind of race.
Statement of responsibility, etc. edited by Lyle Kenyon Engel.
250 ## - EDITION STATEMENT
Edition statement [Rev. ed.]
260 ## - PUBLICATION, DISTRIBUTION, ETC.
Place of publication, distribution, etc. New York,
Name of publisher, distributor, etc. Arco Pub. Co.
Date of publication, distribution, etc. [1972]
300 ## - PHYSICAL DESCRIPTION
Extent 159 p.
Other physical details illus.
Dimensions 24 cm.
350 ## - PRICE (NR) (BK AM CF MU VM SE) [OBSOLETE]
Price {dollar}4.95
600 10 - SUBJECT ADDED ENTRY--PERSONAL NAME
Personal name Andretti, Mario,
Dates associated with a name 1940-
700 1# - ADDED ENTRY--PERSONAL NAME
Personal name Engel, Lyle Kenyon.
730 ## - ADDED ENTRY--UNIFORM TITLE
Uniform title Auto racing.
Holdings
Withdrawn status Lost status Damaged status Not for loan Home library Current library Shelving location Date acquired Total checkouts Full call number Barcode Date last seen Price effective from Koha item type
        Centerville Centerville General stacks 22/03/2026   796.7/2/0924 B BC0010227 22/03/2026 22/03/2026 Books